[Event "BAN-chT (Women)"]
[Site "Dhaka"]
[Date "2021.09.12"]
[Round "5.1"]
[White "Fahmida, Afroz"]
[Black "Nafisa, Nusrat Zahan"]
[Result "1/2-1/2"]
[WhiteElo "1273"]
[BlackElo "1367"]
[PlyCount "88"]
[EventDate "2021.09.08"]
[EventType "team-tourn"]
[EventRounds "9"]
[EventCountry "BAN"]
[SourceTitle "CBM 204 Extra"]
[Source "ChessBase"]
[SourceDate "2021.11.30"]
[SourceVersion "1"]
[SourceVersionDate "2021.11.30"]
[SourceQuality "1"]
[WhiteTeam "Basir Memorial CC (W)"]
[BlackTeam "Sultana Kamal Smirity Pathagar (W)"]
[WhiteTeamCountry "BAN"]
[BlackTeamCountry "BAN"]

1. e4 e5 2. Bc4 Nf6 3. Nf3 h6 4. Nc3 Nc6 5. d4 d6 6. d5 Na5 7. Bb5+ Bd7 8. Qd3 b6 9. b4 Nb7 10. h3 Be7 11. a3 0-0 12. Ba4 Bxa4 13. Nxa4 Qd7 14. Nc3 Rfc8 15. b5 Nc5 16. Qe2 a6 17. a4 axb5 18. Nxb5 Nxa4 19. Qc4 Ra5 20. Rb1 Nxe4 21. Qxe4 Rxb5 22. Qxa4 c6 23. Rb4 Ra5 24. Qb3 Ra1 25. Ke2 cxd5 26. Rxb6 Bf6 27. Nd2 Bg5 28. Qb2 Rca8 29. Rb8+ Rxb8 30. Qxb8+ Kh7 31. Qb2 Qa7 32. g3 Ra2 33. Qb3 Qa6+ 34. Qd3+ e4 35. Qxa6 Rxa6 36. f4 Bf6 37. Rf1 Rc6 38. Kd1 Ra6 39. g4 Rc6 40. Ba3 Rc3 41. Bxd6 Rxh3 42. Be5 Rh2 43. Rg1 Bh4 44. c4 Be7 1/2-1/2

[Event "BAN-ch (Women) 39th"]
[Site "Dhaka"]
[Date "2019.09.20"]
[Round "2"]
[White "Nafisa, Nusrat Zahan"]
[Black "Nusrat Jahan, Alo"]
[Result "0-1"]
[WhiteElo "1375"]
[BlackElo "1642"]
[PlyCount "68"]
[EventDate "2019.09.19"]
[EventType "swiss"]
[EventRounds "9"]
[EventCountry "BAN"]
[SourceTitle "CBM 195 Extra"]
[Source "ChessBase"]
[SourceDate "2020.05.31"]
[SourceVersion "1"]
[SourceVersionDate "2020.05.31"]
[SourceQuality "1"]

1. e4 c5 2. Nf3 d6 3. Nc3 e5 4. Bc4 a6 5. a3 Be7 6. d3 Nc6 7. Nd5 Nf6 8. Nc3 Bg4 9. Bxf7+ Kxf7 10. h3 Bxf3 11. Qxf3 Nd4 12. Qd1 d5 13. 0-0 Rf8 14. Be3 dxe4 15. f4 exf4 16. Rxf4 Kg8 17. Nxe4 Nxe4 18. Rxe4 Nf5 19. Bf2 Qd6 20. Qe1 Rae8 21. Rd1 Qd7 22. Qc3 Bf6 23. Qe1 b6 24. g4 Nd6 25. Re2 Rxe2 26. Qxe2 Qe7 27. Qd2 Bh4 28. Be3 Qe5 29. Kh1 Qg3 30. Rg1 Qxh3+ 31. Qh2 Qxh2+ 32. Kxh2 Bf2 33. Bxf2 Rxf2+ 34. Kh1 Rxc2 0-1

[Event "BAN-ch (Women) 38th"]
[Site "Dhaka"]
[Date "2018.08.16"]
[Round "8"]
[White "Nafisa, Nusrat Zahan"]
[Black "Srabonti, Akter Jerin"]
[Result "0-1"]
[WhiteElo "1470"]
[BlackElo "1177"]
[PlyCount "96"]
[EventDate "2018.08.08"]
[EventType "swiss"]
[EventRounds "9"]
[EventCountry "BAN"]
[SourceTitle "EXT 2019"]
[Source "ChessBase"]
[SourceDate "2018.10.10"]
[SourceVersion "1"]
[SourceVersionDate "2018.10.10"]
[SourceQuality "1"]

1. e4 c5 2. Nf3 Nc6 3. Bc4 Nf6 4. Nc3 e6 5. 0-0 Be7 6. Re1 0-0 7. h3 d5 8. e5 Nd7 9. Bb5 Ndb8 10. Bxc6 Nxc6 11. d4 cxd4 12. Nxd4 Qb6 13. Nxc6 bxc6 14. Na4 Qa5 15. c3 c5 16. Qg4 f5 17. Qd1 Bd7 18. b3 Bxa4 19. bxa4 Qxc3 20. Bd2 Qd4 21. Qc2 Bh4 22. Bc3 Bxf2+ 23. Kf1 Qf4 24. Qxf2 Qc4+ 25. Kg1 Qxc3 26. Rec1 Qxe5 27. Qxc5 Rfc8 28. Re1 Qxe1+ 29. Rxe1 Rxc5 30. Rxe6 Rc1+ 31. Kh2 Ra1 32. Re5 Rxa2 33. Rxf5 d4 34. Rd5 Rxa4 35. Kg3 Re8 36. Kf2 Ra2+ 37. Kg1 Re1+ 38. Kh2 Ree2 39. Rxd4 Rxg2+ 40. Kh1 Rh2+ 41. Kg1 Rag2+ 42. Kf1 Ra2 43. Kg1 Rhc2 44. Rd1 Rg2+ 45. Kh1 Rh2+ 46. Kg1 Rag2+ 47. Kf1 Rh1+ 48. Kxg2 Rxd1 0-1

[Event "BAN-ch (Women) 38th"]
[Site "Dhaka"]
[Date "2018.08.11"]
[Round "4"]
[White "Nafisa, Nusrat Zahan"]
[Black "Warsia, Khusbu"]
[Result "0-1"]
[WhiteElo "1470"]
[BlackElo "1060"]
[PlyCount "28"]
[EventDate "2018.08.08"]
[EventType "swiss"]
[EventRounds "9"]
[EventCountry "BAN"]
[SourceTitle "EXT 2019"]
[Source "ChessBase"]
[SourceDate "2018.10.10"]
[SourceVersion "1"]
[SourceVersionDate "2018.10.10"]
[SourceQuality "1"]

1. e4 e5 2. Nf3 Nc6 3. Bc4 Bc5 4. Nc3 Nf6 5. a3 a6 6. 0-0 0-0 7. b4 Ba7 8. Bb2 d6 9. Re1 Bg4 10. Be2 Bxf3 11. Bxf3 Nd4 12. Bg4 Nxg4 13. d3 Qh4 14. f3 Qxh2+ 0-1